| 000 | 00445nam a2200157Ia 4500 | ||
|---|---|---|---|
| 999 |
_c22603 _d22603 |
||
| 082 | _aTD.0049 | ||
| 100 | _aDargar, S.C. | ||
| 245 | 0 | _aUrbanization in western Uttar Pradesh : A spatial analysis | |
| 260 |
_c1974 _bAgra University |
||
| 300 | _a204p. + C D -21 | ||
| 650 | _aUTTAR PRADESH - POPULATION | ||
| 650 | _aURBANIZATION - UTTAR PRADESH | ||
| 650 | _aCITIES AND TOWNS - UTTAR PRADESH | ||
| 710 | _aMukherji, A.B. | ||
| 942 |
_cTH _2ddc |
||